Soglašenija o pooščrenii i vzaimnoj zaščite kapitalovloženij.

Vytváranie priaznivej klímy pre investície v ZSSR. Povinnosti štátu pri ochrane zahraničných investícií. Zaistenie rovnakých práv pre všetkých investorov. Riešenie problému voľného pohybu kapitálu a ziskov i mimo územia ZSSR. Niektoré problémy valutových platieb a valutového trhu.

Guardado en:
Detalles Bibliográficos
Autor principal: Nagapet'janc, R.
Formato: Capítulo de libro
Lenguaje:ruso
Materias:
Etiquetas: Agregar Etiqueta
Sin Etiquetas, Sea el primero en etiquetar este registro!

MARC

LEADER 00000naa a2200000 4500
001 r005541
005 20221208123219.8
041 0 |a rus 
044 |a [SU] 
245 1 0 |a Soglašenija o pooščrenii i vzaimnoj zaščite kapitalovloženij.  |c R. Nagapet'janc 
520 |a Vytváranie priaznivej klímy pre investície v ZSSR. Povinnosti štátu pri ochrane zahraničných investícií. Zaistenie rovnakých práv pre všetkých investorov. Riešenie problému voľného pohybu kapitálu a ziskov i mimo územia ZSSR. Niektoré problémy valutových platieb a valutového trhu. 
610 2 0 |a investície zahraničné 
610 2 0 |a valuty 
610 2 0 |a ZSSR 
610 2 0 |a zmluvy medzinárodné 
610 2 0 |a pohyb kapitálu 
100 1 |a Nagapet'janc, R.